000 00420nam a2200181Ia 4500
001 848
005 20260306140548.0
008 260306t2008||||xx |||||||||||||| ||spa||
041 _aESP
082 _a170
_bS23
100 _aSánchez Migallón, Sergio
_eAUT
245 0 _aÉtica filosófica :
_bun curso introductorio
260 _c2008
300 _a
_c
650 _aGEN
654 _aCHU
942 _cLIB
_dJUS
_fJUS
_2ddc
_n
999 _c848
_d848